The revelation rediscovered; (Record no. 5644)
[ view plain ]
| 000 -LEADER | |
|---|---|
| fixed length control field | 00883cam a22002771 4500 |
| 001 - CONTROL NUMBER | |
| control field | 10075888 |
| 003 - CONTROL NUMBER IDENTIFIER | |
| control field | GBCCL |
| 005 - DATE AND TIME OF LATEST TRANSACTION | |
| control field | 20241126110546.0 |
| 008 - FIXED-LENGTH DATA ELEMENTS--GENERAL INFORMATION | |
| fixed length control field | 811217s1904 ilu b 001 0 eng |
| 010 ## - | |
| -- | 05001172 |
| 035 ## - SYSTEM CONTROL NUMBER | |
| System control number | (OCoLC)13949336 |
| 040 ## - CATALOGING SOURCE | |
| Original cataloging agency | DLC |
| Transcribing agency | CBGTU |
| Modifying agency | OCoLC |
| -- | DLC |
| 042 ## - | |
| -- | premarc |
| 050 00 - | |
| -- | BS647 |
| -- | .C6 |
| 082 ## - DEWEY DECIMAL CLASSIFICATION NUMBER | |
| Classification number | 220.15 |
| Item number | CLA |
| 100 1# - MAIN ENTRY--PERSONAL NAME | |
| Personal name | Clarke, John C. C. |
| Fuller form of name | (John Caldwell Calhoun) |
| 9 (RLIN) | 10191 |
| 245 14 - TITLE STATEMENT | |
| Title | The revelation rediscovered; |
| Remainder of title | an extract from The stairway to our Creator and Father, |
| Statement of responsibility, etc. | by John C.C. Clarke. |
| 260 ## - PUBLICATION, DISTRIBUTION, ETC. | |
| Place of publication, distribution, etc. | Upper Alton, Ill., |
| Name of publisher, distributor, etc. | G.P. Clarke, |
| Date of publication, distribution, etc. | 1904. |
| 300 ## - PHYSICAL DESCRIPTION | |
| Extent | [79] p. |
| Dimensions | 20 cm. |
| 500 ## - GENERAL NOTE | |
| General note | Various pagings. |
| 504 ## - BIBLIOGRAPHY, ETC. NOTE | |
| Bibliography, etc. note | Includes bibliographical references and index. |
| 630 00 - SUBJECT ADDED ENTRY--UNIFORM TITLE | |
| Uniform title | Bible |
| General subdivision | Prophecies. |
| 9 (RLIN) | 457 |
| 650 #0 - SUBJECT ADDED ENTRY--TOPICAL TERM | |
| Topical term or geographic name entry element | Revelation. |
| 9 (RLIN) | 1795 |
| 906 ## - LOCAL DATA ELEMENT F, LDF (RLIN) | |
| a | 7 |
| b | cbc |
| c | oclcrpl |
| d | u |
| e | ncip |
| f | 19 |
| g | y-gencatlg |
| 942 ## - ADDED ENTRY ELEMENTS (KOHA) | |
| Source of classification or shelving scheme | Dewey Decimal Classification |
| Koha item type | Books |
| Withdrawn status | Lost status | Source of classification or shelving scheme | Damaged status | Not for loan | Home library | Current Library | Shelving location | Date acquired | Total checkouts | Full call number | Barcode | Date last seen | Copy number | Price effective from | Koha item type |
|---|---|---|---|---|---|---|---|---|---|---|---|---|---|---|---|
| Dewey Decimal Classification | GRACE BIBLE COLLEGE | GRACE BIBLE COLLEGE | Biblical Studies | 2018-04-03 | 220.15 CLA | 009544 | 2025-05-01 | c.1 | 2018-04-03 | Books |